000
00275 a2200133 4500
001
194796
040
_c
Magnum
100
_a
Alencar, José de
240
1
0
_a
A pata da gazela
_l
por
245
1
0
_a
A pata da gazela
300
_a
63
697
_a
LITERATURA GERAL
942
_c
BK
999
_c
194796
_d
194796